000 00301nam a22001337a 4500
008 171020b xxu||||| |||| 00| 0 eng d
020 _a0070389489
041 _aeng
080 _23RD
_a338
100 _a54
101 _aMEN
245 _aMANAGEMENT INFORMATION SYSTEMS
_cLUCAS,H,C
942 _2udc
_cBK
999 _c35053
_d35053